000 01131nam a22003377a 4500
003 CHAP
005 20220329140050.0
008 971013s1980 r 00010 d
010 _a46438
011 _a47410
035 _a51552
040 _cCHAP
090 _aFolleto 7601
100 0 0 _aThompson, C. H.
_9112884
245 _aTexture differentiation in soils on Hills lopes, South-eastern Queensland
260 _aMelbourne :
_bCommonwealth Scientific and Industrial Research Organization Division of Soils,
_c1980
300 _a14 p.
_b: ilus.
490 _aDivisional report
_v; 63
590 _aBATCH-UPD
_b10
_c20130110
_lUCH01
_h0225
590 _aBATCH-UPD
_b10
_c20130110
_lUCH01
_h1530
590 _aBATCH-UPD
_b10
_c20130409
_lUCH01
_h2247
590 _aBATCH-UPD
_b10
_c20130914
_lUCH01
_h1832
590 _aCONVERSION
_b10
_c20130109
_lUCH01
_h1325
650 1 4 _aSuelos
_xAustralia.
_9110211
650 1 4 _aSuelos
_xTextura.
_9110494
650 1 4 _aSuelos
_xTopografĂ­a.
_9110495
830 0 _aDivisional report
_v; 63
_933024
901 _aBK
942 _cFOLL
949 _aFolleto 7601
_bBC
_cFOLL
_d-115228
_eTS1
_i51552
_si
999 _c46438
_d46438